00390nam a22001337a 450000500170000000800410001704100120005808200120007010000130008224500390009526000660013430000310020065000250023120240807074633.0240807b |||||||| |||| 00| 0 eng d aEnglish a349 TRA lEnglish  aTransvaal Law Reports: High Court  aGrahamstown; Cape Colony: bAfrican Book Company Ltd, c1903  bxlii, 530 pages; c25 cm.  aLegal practice bLaw